Najbardziej znane leki przeciwbólowe - Statystyki

Ogólne statystyki
  • Ten quiz został rozwiązany 479 razy
  • Średni wynik to 4 z 10
Statystyki odpowiedzi
Nr. Lek % Poprawnych
1 APAP
88%
4 Ibuprom
71%
3 Paracetamol
63%
2 Ibuprofen
56%
5 Nurofen
34%
9 Morfina
27%
10 Fentanyl
12%
8 Metafen
9%
6 Aleve
1%
7 Alka Seltzer
0%
Nie znaleziono quizów pasujących do podanych kryteriów
Rozkład punktacji
Procent ludzi z każdym wynikiem
Percentyl według liczby udzielonych odpowiedzi
Twoja historia wyników
Nie rozwiązałeś tego quizu